[Event "MSRCH16"]
[Site "?"]
[Date "2026.04.12"]
[Round "3.19"]
[White "Boba, Kristian"]
[Black "Sykora, Miro"]
[Result "1-0"]
[BlackElo "1671"]
[WhiteElo "1826"]
[LiveChessVersion "1.4.8"]

1. d4 {[%clk 1:30:55]} d5 {[%clk 1:30:49]} 2. Nf3 {[%clk 1:31:20]} Nf6
{[%clk 1:30:43]} 3. e3 {[%clk 1:31:43]} c6 {[%clk 1:30:37]} 4. Bd3
{[%clk 1:31:56]} Bg4 {[%clk 1:30:18]} 5. h3 {[%clk 1:30:56]} Bh5 {[%clk 1:30:28]}
6. c4 {[%clk 1:30:38]} e6 {[%clk 1:29:27]} 7. Nbd2 {[%clk 1:28:51]} Nbd7
{[%clk 1:28:04]} 8. Qc2 {[%clk 1:27:44]} Bg6 {[%clk 1:26:32]} 9. c5
{[%clk 1:26:15]} Be7 {[%clk 1:25:02]} 10. O-O {[%clk 1:25:30]} Qc7
{[%clk 1:23:06]} 11. b4 {[%clk 1:24:28]} a5 {[%clk 1:22:08]} 12. Ba3
{[%clk 1:18:57]} O-O {[%clk 1:17:41]} 13. Rfe1 {[%clk 1:17:56]} Rfb8
{[%clk 1:14:24]} 14. Bxg6 {[%clk 1:15:56]} hxg6 {[%clk 1:14:43]} 15. e4
{[%clk 1:16:10]} dxe4 {[%clk 1:14:14]} 16. Nxe4 {[%clk 1:16:28]} Nd5
{[%clk 1:14:11]} 17. Rab1 {[%clk 1:10:11]} axb4 {[%clk 1:05:24]} 18. Bxb4
{[%clk 1:10:09]} N7f6 {[%clk 0:53:50]} 19. Ne5 {[%clk 0:47:55]} Nxb4
{[%clk 0:45:21]} 20. Rxb4 {[%clk 0:46:15]} Nd5 {[%clk 0:42:49]} 21. Rbb1
{[%clk 0:42:17]} Qa5 {[%clk 0:39:48]} 22. Qe2 {[%clk 0:39:38]} Nc3
{[%clk 0:26:09]} 23. Nxc3 {[%clk 0:39:27]} Qxc3 {[%clk 0:26:26]} 24. Nxf7
{[%clk 0:29:16]} Kxf7 {[%clk 0:20:36]} 25. Qxe6+ {[%clk 0:28:10]} Kf8
{[%clk 0:20:57]} 26. Qxe7+ {[%clk 0:28:30]} Kg8 {[%clk 0:21:16]} 27. Qe6+
{[%clk 0:27:26]} Kh7 {[%clk 0:18:46]} 28. Re4 {[%clk 0:24:00]} g5
{[%clk 0:17:57]} 29. Qf5+ {[%clk 0:23:49]} Kg8 {[%clk 0:16:35]} 30. Qxg5
{[%clk 0:13:40]} Qc2 {[%clk 0:14:45]} 31. Rbe1 {[%clk 0:10:57]} Rf8
{[%clk 0:14:39]} 32. Rf4 {[%clk 0:07:08]} Rxf4 {[%clk 0:13:07]} 33. Qxf4
{[%clk 0:07:31]} Rf8 {[%clk 0:13:27]} 34. Qe3 {[%clk 0:07:04]} Kh8
{[%clk 0:13:00]} 35. f3 {[%clk 0:06:09]} Qxa2 {[%clk 0:13:19]} 36. Qe7
{[%clk 0:05:27]} Qa8 {[%clk 0:12:39]} 37. Re4 {[%clk 0:04:33]} Qc8
{[%clk 0:10:26]} 38. Rg4 {[%clk 0:04:23]} 1-0

[Event "MSRCH16"]
[Site "?"]
[Date "2026.04.12"]
[Round "3.20"]
[White "Vanco, Simon"]
[Black "Vavra, Martin"]
[Result "0-1"]
[BlackElo "1798"]
[WhiteElo "1681"]
[LiveChessVersion "1.4.8"]

1. d4 {[%clk 1:30:57]} Nf6 {[%clk 1:29:33]} 2. c4 {[%clk 1:31:15]} e6
{[%clk 1:29:56]} 3. g3 {[%clk 1:31:37]} d5 {[%clk 1:29:41]} 4. Nf3
{[%clk 1:31:22]} Bb4+ {[%clk 1:28:48]} 5. Bd2 {[%clk 1:29:14]} Bxd2+
{[%clk 1:28:44]} 6. Nbxd2 {[%clk 1:29:35]} O-O {[%clk 1:28:46]} 7. Bg2
{[%clk 1:29:32]} b6 {[%clk 1:26:54]} 8. cxd5 {[%clk 1:27:55]} exd5
{[%clk 1:26:25]} 9. O-O {[%clk 1:27:43]} Bb7 {[%clk 1:19:20]} 10. Ne5
{[%clk 1:24:41]} Nbd7 {[%clk 1:19:20]} 11. Ndf3 {[%clk 1:18:28]} Re8
{[%clk 1:19:18]} 12. Qc2 {[%clk 1:17:34]} c5 {[%clk 1:19:04]} 13. e3
{[%clk 1:14:17]} Ne4 {[%clk 1:10:21]} 14. Rac1 {[%clk 1:06:25]} f6
{[%clk 1:05:16]} 15. Nxd7 {[%clk 1:02:43]} Qxd7 {[%clk 1:05:06]} 16. Nd2
{[%clk 0:53:11]} cxd4 {[%clk 0:54:23]} 17. Nxe4 {[%clk 0:45:36]} dxe4
{[%clk 0:54:05]} 18. Qc4+ {[%clk 0:45:57]} Qd5 {[%clk 0:51:43]} 19. exd4
{[%clk 0:39:55]} Qxc4 {[%clk 0:51:38]} 20. Rxc4 {[%clk 0:40:18]} Ba6
{[%clk 0:52:04]} 21. Rcc1 {[%clk 0:33:33]} Bxf1 {[%clk 0:52:21]} 22. Kxf1
{[%clk 0:33:56]} f5 {[%clk 0:51:48]} 23. Rd1 {[%clk 0:32:47]} Rad8
{[%clk 0:51:31]} 24. Ke2 {[%clk 0:32:23]} Rd6 {[%clk 0:50:35]} 25. h4
{[%clk 0:29:30]} Rc8 {[%clk 0:50:04]} 26. Rd2 {[%clk 0:28:12]} Rdc6
{[%clk 0:50:11]} 27. Ke3 {[%clk 0:21:48]} Rc2 {[%clk 0:50:26]} 28. Rd1
{[%clk 0:20:34]} Rxb2 {[%clk 0:50:35]} 29. Bf1 {[%clk 0:20:08]} Rc3+
{[%clk 0:50:30]} 30. Kf4 {[%clk 0:20:10]} Rxf2+ {[%clk 0:50:28]} 0-1

[Event "MSRCH16"]
[Site "?"]
[Date "2026.04.12"]
[Round "3.22"]
[White "Foldesi, Marek"]
[Black "Papay, Aurel"]
[Result "0-1"]
[BlackElo "1625"]
[WhiteElo "1746"]
[LiveChessVersion "1.4.8"]

1. e4 {[%clk 1:30:58]} c5 {[%clk 1:30:10]} 2. Nc3 {[%clk 1:31:22]} e6
{[%clk 1:30:29]} 3. f4 {[%clk 1:31:39]} d5 {[%clk 1:29:51]} 4. exd5
{[%clk 1:31:46]} exd5 {[%clk 1:30:15]} 5. Bb5+ {[%clk 1:32:08]} Bd7
{[%clk 1:25:36]} 6. Bxd7+ {[%clk 1:32:19]} Qxd7 {[%clk 1:25:58]} 7. d3
{[%clk 1:32:31]} Nc6 {[%clk 1:21:15]} 8. Nf3 {[%clk 1:32:36]} Nge7
{[%clk 1:19:02]} 9. d4 {[%clk 1:27:40]} cxd4 {[%clk 1:00:22]} 10. Nxd4
{[%clk 1:27:55]} Nxd4 {[%clk 1:00:27]} 11. Qxd4 {[%clk 1:28:05]} Qe6+
{[%clk 1:00:12]} 12. Qe3 {[%clk 1:18:40]} Nf5 {[%clk 0:58:49]} 13. Qxe6+
{[%clk 1:15:24]} fxe6 {[%clk 0:59:11]} 14. Bd2 {[%clk 1:14:54]} h5
{[%clk 0:52:40]} 15. O-O-O {[%clk 1:12:51]} O-O-O {[%clk 0:51:53]} 16. Rhe1
{[%clk 1:11:06]} Rh6 {[%clk 0:46:55]} 17. Kb1 {[%clk 1:07:42]} a6
{[%clk 0:35:45]} 18. Ne2 {[%clk 1:07:08]} Bc5 {[%clk 0:32:40]} 19. Nc1
{[%clk 1:02:56]} Rg6 {[%clk 0:25:31]} 20. Nd3 {[%clk 1:01:03]} Bd6
{[%clk 0:24:29]} 21. Re2 Re8 {[%clk 0:17:13]} 22. Rg1 {[%clk 0:52:03]} Nd4
{[%clk 0:09:44]} 23. Ree1 {[%clk 0:48:19]} Nf5 {[%clk 0:06:48]} 24. Ne5
{[%clk 0:47:04]} Bxe5 {[%clk 0:06:17]} 25. Rxe5 {[%clk 0:47:31]} Nh4
{[%clk 0:05:40]} 26. Re2 {[%clk 0:47:35]} Nf3 {[%clk 0:04:08]} 27. Rh1
{[%clk 0:47:31]} Nxd2+ {[%clk 0:02:37]} 28. Rxd2 {[%clk 0:47:59]} Rf8
{[%clk 0:02:41]} 29. g3 {[%clk 0:47:34]} h4 {[%clk 0:01:49]} 30. Rd3
{[%clk 0:47:36]} Rh8 {[%clk 0:01:10]} 31. Rhd1 {[%clk 0:46:00]} hxg3
{[%clk 0:01:04]} 32. hxg3 {[%clk 0:46:28]} Rh3 {[%clk 0:00:39]} 33. Rg1
{[%clk 0:46:44]} Rh2 {[%clk 0:00:38]} 34. Kc1 {[%clk 0:46:58]} Rf2
{[%clk 0:00:57]} 35. Rd4 {[%clk 0:46:46]} Rf3 {[%clk 0:00:50]} 36. Rd3
{[%clk 0:47:08]} Rxf4 {[%clk 0:00:43]} 37. Kd2 {[%clk 0:46:12]} Rf2+
{[%clk 0:00:40]} 38. Kc3 {[%clk 0:46:30]} Rg4 {[%clk 0:00:41]} 39. Rd2
{[%clk 0:46:18]} Rf3+ {[%clk 0:00:36]} 40. Rd3 {[%clk 0:46:20]} Rc4+
{[%clk 0:00:45]} 41. Kb3 {[%clk 0:46:29]} Rxd3+ {[%clk 0:23:11]} 42. cxd3
{[%clk 1:16:57]} Rg4 {[%clk 0:17:24]} 43. Rg2 {[%clk 1:16:40]} Kd7
{[%clk 0:17:33]} 44. Kc3 {[%clk 1:17:05]} e5 {[%clk 0:17:39]} 45. Kd2
{[%clk 1:17:07]} Ke6 {[%clk 0:17:56]} 46. Ke3 {[%clk 1:17:28]} e4
{[%clk 0:12:47]} 47. dxe4 {[%clk 1:17:39]} Rxe4+ {[%clk 0:13:03]} 48. Kd3
{[%clk 1:17:59]} Ke5 {[%clk 0:12:46]} 49. a3 {[%clk 1:17:51]} b5 {[%clk 0:10:37]}
50. Rg1 {[%clk 1:17:51]} d4 {[%clk 0:10:33]} 51. Rg2 {[%clk 1:18:07]} Re3+
{[%clk 0:10:50]} 52. Kd2 {[%clk 1:17:21]} Ke4 {[%clk 0:10:13]} 53. Rf2
{[%clk 1:17:17]} Rxg3 {[%clk 0:10:12]} 54. Rf7 {[%clk 1:17:46]} Rg2+
{[%clk 0:10:10]} 55. Kc1 {[%clk 1:18:15]} Kd3 {[%clk 0:09:30]} 56. Rf3+
{[%clk 1:18:34]} Ke2 {[%clk 0:09:13]} 57. Rf7 {[%clk 1:18:52]} Rg1+
{[%clk 0:08:57]} 58. Kc2 {[%clk 1:19:14]} d3+ {[%clk 0:09:23]} 59. Kc3
{[%clk 1:19:16]} Rg3 {[%clk 0:08:15]} 60. Rd7 {[%clk 1:19:19]} Re3
{[%clk 0:07:07]} 61. b3 {[%clk 1:18:21]} d2+ {[%clk 0:06:45]} 0-1

[Event "MSRCH16"]
[Site "?"]
[Date "2026.04.12"]
[Round "3.23"]
[White "Lukianov, Mykhailo"]
[Black "Mizanin, Matej"]
[Result "1/2-1/2"]
[BlackElo "1745"]
[WhiteElo "1652"]
[LiveChessVersion "1.4.8"]

1. d4 {[%clk 1:28:57]} Nf6 {[%clk 1:30:53]} 2. Bg5 {[%clk 1:28:23]} d5
{[%clk 1:31:22]} 3. Bxf6 {[%clk 1:28:44]} gxf6 {[%clk 1:31:51]} 4. Nf3
{[%clk 1:29:02]} c5 {[%clk 1:32:15]} 5. e3 {[%clk 1:29:11]} Qb6 {[%clk 1:32:34]}
6. b3 {[%clk 1:29:15]} e6 {[%clk 1:30:29]} 7. Be2 {[%clk 1:27:19]} Bg7
{[%clk 1:28:38]} 8. Nbd2 {[%clk 1:18:48]} f5 {[%clk 1:26:53]} 9. c3
{[%clk 1:18:47]} Nc6 {[%clk 1:25:14]} 10. O-O {[%clk 1:17:10]} Bd7
{[%clk 1:24:46]} 11. Rb1 {[%clk 1:14:53]} O-O {[%clk 1:22:24]} 12. b4
{[%clk 1:06:17]} c4 {[%clk 1:21:33]} 13. a4 {[%clk 1:06:06]} a6 {[%clk 1:20:57]}
14. Bxc4 {[%clk 0:57:13]} dxc4 {[%clk 1:19:48]} 15. Nxc4 {[%clk 0:57:26]} Qc7
{[%clk 1:19:10]} 16. Qd3 {[%clk 0:42:39]} Rac8 {[%clk 1:01:28]} 17. Na3
{[%clk 0:38:12]} Ne7 {[%clk 0:58:37]} 18. Rfc1 {[%clk 0:23:33]} Bxa4
{[%clk 0:56:14]} 19. b5 {[%clk 0:23:05]} axb5 {[%clk 0:52:34]} 20. Nxb5
{[%clk 0:23:23]} Bxb5 {[%clk 0:53:02]} 21. Rxb5 {[%clk 0:23:36]} Qc6
{[%clk 0:51:42]} 22. Rcb1 {[%clk 0:18:46]} Qxc3 {[%clk 0:50:55]} 23. Qxc3
{[%clk 0:19:09]} Rxc3 {[%clk 0:51:23]} 24. Rxb7 {[%clk 0:19:18]} Nd5
{[%clk 0:47:03]} 25. Kf1 {[%clk 0:17:16]} Rfc8 {[%clk 0:46:10]} 26. Rb8
{[%clk 0:16:26]} Rc1+ {[%clk 0:46:07]} 27. Rxc1 {[%clk 0:16:18]} Rxb8
{[%clk 0:46:34]} 28. g3 {[%clk 0:16:27]} Bf6 {[%clk 0:46:35]} 29. Rc2
{[%clk 0:14:50]} Rb7 {[%clk 0:45:16]} 30. Kg2 {[%clk 0:14:06]} Rc7
{[%clk 0:44:41]} 31. Ra2 {[%clk 0:14:24]} Kf8 {[%clk 0:41:59]} 32. Rb2
{[%clk 0:13:13]} Ke7 {[%clk 0:41:58]} 33. Ra2 {[%clk 0:13:16]} Kd7
{[%clk 0:41:46]} 34. Rd2 {[%clk 0:12:58]} Nb6 {[%clk 0:39:53]} 35. Rb2
{[%clk 0:11:34]} Nc4 {[%clk 0:39:59]} 36. Rb4 {[%clk 0:10:24]} Kd6
{[%clk 0:38:28]} 37. Rb5 {[%clk 0:10:06]} Be7 {[%clk 0:34:46]} 38. Rb8
{[%clk 0:08:18]} Bf6 {[%clk 0:32:07]} 39. Rb5 {[%clk 0:08:17]} Kc6
{[%clk 0:23:39]} 40. Rb4 {[%clk 0:08:24]} Nd6 {[%clk 0:22:06]} 41. Rb2
{[%clk 0:07:39]} Nb5 {[%clk 0:20:02]} 42. Rc2+ {[%clk 0:07:33]} Kd5
{[%clk 0:18:33]} 43. Rb2 {[%clk 0:07:42]} Kc4 {[%clk 0:17:44]} 44. Rb1
{[%clk 0:05:36]} Nc3 {[%clk 0:13:51]} 45. Rb2 {[%clk 0:05:07]} Ra7
{[%clk 0:10:10]} 46. Nd2+ {[%clk 0:02:31]} Kd3 {[%clk 0:05:59]} 47. Nb3
{[%clk 0:02:43]} Kc4 {[%clk 0:01:43]} 48. Nd2+ {[%clk 0:02:48]} Kd5
{[%clk 0:29:32]} 49. Rc2 {[%clk 0:32:22]} Ne4 {[%clk 0:28:41]} 50. Nf3
{[%clk 0:31:08]} Ra3 {[%clk 0:26:24]} 51. Rb2 {[%clk 0:28:34]} Kc4
{[%clk 0:25:25]} 52. Nd2+ {[%clk 0:21:55]} Nxd2 {[%clk 0:25:45]} 53. Rxd2
{[%clk 0:22:15]} Kc3 {[%clk 0:25:18]} 54. Re2 {[%clk 0:21:59]} Ra1
{[%clk 0:20:40]} 55. h3 {[%clk 0:20:00]} Ra4 {[%clk 0:14:39]} 56. Re1
{[%clk 0:19:34]} Ra2 {[%clk 0:14:26]} 57. Rc1+ {[%clk 0:19:19]} Rc2
{[%clk 0:14:36]} 58. Rb1 {[%clk 0:19:31]} Bg5 {[%clk 0:14:48]} 59. Kf3
{[%clk 0:18:32]} Rb2 {[%clk 0:12:10]} 60. Rc1+ {[%clk 0:17:08]} Kd2
{[%clk 0:11:13]} 61. Ra1 {[%clk 0:16:34]} Rb7 {[%clk 0:10:15]} 62. Ra2+
{[%clk 0:16:38]} Kd3 {[%clk 0:10:12]} 63. Ra3+ {[%clk 0:17:02]} Kc4
{[%clk 0:10:30]} 64. Ra4+ {[%clk 0:17:20]} Kd5 {[%clk 0:10:15]} 65. Ra5+
{[%clk 0:17:18]} Kd6 {[%clk 0:10:39]} 66. Ra6+ {[%clk 0:16:21]} Ke7
{[%clk 0:11:00]} 67. Ra8 {[%clk 0:16:04]} Kf6 {[%clk 0:09:59]} 68. Rh8
{[%clk 0:15:34]} Kg7 {[%clk 0:10:21]} 69. Ra8 {[%clk 0:15:51]} Rb6
{[%clk 0:10:29]} 70. Ra7 {[%clk 0:16:05]} Kg6 {[%clk 0:10:47]} 71. Ra5
{[%clk 0:16:05]} Bh6 {[%clk 0:10:44]} 72. Ra1 {[%clk 0:13:35]} Rb5
{[%clk 0:10:40]} 73. Ra6 {[%clk 0:13:41]} Rb3 {[%clk 0:10:10]} 74. Rc6
{[%clk 0:11:23]} Rb2 {[%clk 0:10:15]} 75. Ra6 {[%clk 0:11:19]} Rd2
{[%clk 0:10:17]} 76. Ra5 {[%clk 0:08:40]} Kf6 {[%clk 0:09:56]} 77. Ra7
{[%clk 0:08:06]} Bf8 {[%clk 0:10:21]} 78. Ra4 {[%clk 0:07:54]} Rb2
{[%clk 0:10:38]} 79. Ra1 {[%clk 0:07:39]} Bb4 {[%clk 0:10:50]} 80. Kg2
{[%clk 0:07:48]} Bc3 {[%clk 0:11:09]} 81. Rf1 {[%clk 0:07:41]} Re2
{[%clk 0:11:20]} 82. Kf3 {[%clk 0:05:39]} Re1 {[%clk 0:11:41]} 83. Rxe1
{[%clk 0:06:00]} Bxe1 {[%clk 0:12:10]} 84. Ke2 {[%clk 0:06:16]} Bb4
{[%clk 0:12:30]} 85. f4 {[%clk 0:05:42]} Ke7 {[%clk 0:12:44]} 86. g4
{[%clk 0:05:57]} fxg4 {[%clk 0:13:01]} 87. hxg4 {[%clk 0:06:16]} Kf6
{[%clk 0:13:09]} 88. Kf3 {[%clk 0:06:33]} Kg6 {[%clk 0:12:57]} 89. e4
{[%clk 0:06:11]} Bd2 {[%clk 0:10:10]} 90. d5 {[%clk 0:02:46]} exd5
{[%clk 0:07:16]} 91. exd5 {[%clk 0:03:05]} f5 {[%clk 0:07:44]} 92. gxf5+
{[%clk 0:03:14]} Kxf5 {[%clk 0:08:02]} 93. Kg2 {[%clk 0:03:37]} Bxf4
{[%clk 0:08:06]} 94. Kh1 {[%clk 0:03:58]} Kg4 {[%clk 0:08:26]} 95. Kg1
{[%clk 0:04:16]} Kf5 {[%clk 0:07:53]} 96. Kh1 {[%clk 0:04:38]} Ke5
{[%clk 0:08:20]} 97. Kg1 {[%clk 0:04:58]} Kxd5 {[%clk 0:08:48]} 98. Kh1
{[%clk 0:05:19]} Ke4 {[%clk 0:09:17]} 99. Kg1 {[%clk 0:05:39]} Kf3
{[%clk 0:09:35]} 100. Kh1 {[%clk 0:06:02]} 1/2-1/2

[Event "MSRCH16"]
[Site "?"]
[Date "2026.04.12"]
[Round "3.24"]
[White "Kralovensky, Jan"]
[Black "Pauko, Sebastian"]
[Result "0-1"]
[BlackElo "1726"]
[WhiteElo "1581"]
[LiveChessVersion "1.4.8"]

1. d4 {[%clk 1:30:58]} d5 {[%clk 1:30:55]} 2. Bf4 {[%clk 1:31:17]} Nf6
{[%clk 1:31:17]} 3. e3 {[%clk 1:31:31]} e6 {[%clk 1:31:33]} 4. c4
{[%clk 1:31:50]} Bd6 {[%clk 1:29:57]} 5. Bg3 {[%clk 1:30:51]} b6 {[%clk 1:29:59]}
6. Nc3 {[%clk 1:30:45]} O-O {[%clk 1:29:18]} 7. Nf3 {[%clk 1:30:48]} Ba6
{[%clk 1:27:51]} 8. Nd2 {[%clk 1:29:23]} c5 {[%clk 1:26:14]} 9. Be2
{[%clk 1:15:28]} cxd4 {[%clk 1:22:21]} 10. exd4 {[%clk 1:15:48]} Nc6
{[%clk 1:22:11]} 11. Bxd6 {[%clk 1:12:25]} Qxd6 {[%clk 1:21:59]} 12. c5 Bxe2
{[%clk 1:20:23]} 13. Qxe2 {[%clk 1:09:28]} bxc5 {[%clk 1:19:08]} 14. dxc5
{[%clk 1:09:05]} Qxc5 {[%clk 1:16:10]} 15. Nb3 {[%clk 1:08:11]} Qb6
{[%clk 1:14:12]} 16. O-O {[%clk 1:06:00]} a5 {[%clk 1:09:42]} 17. a4
{[%clk 1:00:05]} Qxb3 {[%clk 1:09:45]} 18. Rfc1 {[%clk 0:55:22]} Qb6
{[%clk 1:04:51]} 19. Nb5 {[%clk 0:45:59]} Rab8 {[%clk 1:01:21]} 20. Rc2
{[%clk 0:44:21]} Nd4 {[%clk 1:00:31]} 21. Nxd4 {[%clk 0:44:32]} Qxd4
{[%clk 1:00:55]} 22. h3 {[%clk 0:38:49]} Rb4 {[%clk 0:58:53]} 23. Rac1
{[%clk 0:34:33]} h6 {[%clk 0:53:06]} 24. Rd2 {[%clk 0:34:27]} Qb6
{[%clk 0:47:36]} 0-1

[Event "MSRCH16"]
[Site "?"]
[Date "2026.04.12"]
[Round "3.25"]
[White "Kosut, Simon"]
[Black "Kostov, Rubin"]
[Result "1/2-1/2"]
[BlackElo "1702"]
[WhiteElo "1603"]
[LiveChessVersion "1.4.8"]

1. g3 {[%clk 1:29:02]} Nf6 {[%clk 1:30:19]} 2. Bg2 {[%clk 1:29:29]} g6
{[%clk 1:30:33]} 3. Nf3 {[%clk 1:28:57]} Bg7 {[%clk 1:30:56]} 4. Nc3
{[%clk 1:28:53]} O-O {[%clk 1:31:18]} 5. d3 {[%clk 1:29:08]} d5 {[%clk 1:30:47]}
6. e3 {[%clk 1:26:54]} c6 {[%clk 1:27:41]} 7. Bd2 {[%clk 1:26:08]} Nbd7
{[%clk 1:25:33]} 8. d4 {[%clk 1:26:19]} Re8 {[%clk 1:23:56]} 9. Ne5
{[%clk 1:23:04]} Nb6 {[%clk 1:18:05]} 10. b3 Nfd7 {[%clk 1:15:47]} 11. Nd3
{[%clk 1:19:18]} e5 {[%clk 1:13:45]} 12. dxe5 {[%clk 1:17:44]} Nxe5
{[%clk 1:14:06]} 13. Nxe5 {[%clk 1:17:03]} Bxe5 {[%clk 1:14:00]} 14. f4
{[%clk 1:17:24]} Bg7 {[%clk 1:14:10]} 15. O-O {[%clk 1:11:30]} d4
{[%clk 1:00:15]} 16. exd4 {[%clk 1:11:41]} Qxd4+ {[%clk 0:53:48]} 17. Kh1
{[%clk 1:10:57]} Be6 {[%clk 0:52:25]} 18. Be1 {[%clk 1:06:10]} Qc5
{[%clk 0:39:26]} 19. Ne4 {[%clk 1:02:15]} Qe7 {[%clk 0:34:05]} 20. Bc3
{[%clk 0:58:19]} Rad8 {[%clk 0:33:16]} 21. Qe1 {[%clk 0:55:40]} Bxc3
{[%clk 0:24:31]} 22. Qxc3 {[%clk 0:53:51]} Nd5 {[%clk 0:23:46]} 23. Qb2
{[%clk 0:49:00]} Bf5 1/2-1/2

[Event "MSRCH16"]
[Site "?"]
[Date "2026.04.12"]
[Round "3.26"]
[White "Gondzur, Michal"]
[Black "Torok, Aron Levente"]
[Result "0-1"]
[BlackElo "1749"]
[WhiteElo "1639"]
[LiveChessVersion "1.4.8"]

1. e4 {[%clk 1:30:59]} c6 {[%clk 1:30:48]} 2. d4 {[%clk 1:30:45]} d5
{[%clk 1:31:11]} 3. Nc3 {[%clk 1:31:07]} dxe4 {[%clk 1:30:47]} 4. Nxe4
{[%clk 1:31:29]} Bf5 {[%clk 1:30:19]} 5. Ng3 {[%clk 1:30:54]} Bg6
{[%clk 1:30:11]} 6. Nf3 {[%clk 1:30:41]} e6 {[%clk 1:29:41]} 7. Bf4
{[%clk 1:29:58]} c5 {[%clk 1:27:10]} 8. Ne5 {[%clk 1:29:13]} a6 {[%clk 1:25:50]}
9. h4 {[%clk 1:27:43]} Qxd4 {[%clk 1:20:55]} 10. Nxg6 {[%clk 1:27:42]} hxg6
{[%clk 1:20:48]} 11. Qf3 {[%clk 1:26:07]} Qxb2 {[%clk 1:18:14]} 12. Rd1
{[%clk 1:26:19]} Nc6 {[%clk 1:15:27]} 13. Bd3 {[%clk 1:26:24]} Nd4
{[%clk 1:09:28]} 14. Qg4 {[%clk 1:25:54]} Nf6 {[%clk 1:08:27]} 15. Qg5
{[%clk 1:24:46]} Be7 {[%clk 1:04:14]} 16. Qe5 {[%clk 1:22:07]} Ng4
{[%clk 0:57:58]} 17. Qc7 {[%clk 1:21:35]} Nxc2+ {[%clk 0:57:41]} 18. Bxc2
{[%clk 1:20:10]} Qxc2 {[%clk 0:57:51]} 19. Qd7+ {[%clk 1:19:18]} Kf8
{[%clk 0:57:55]} 20. Qxb7 {[%clk 1:19:05]} Qxf2# {[%clk 1:30:30]} 0-1

[Event "MSRCH16"]
[Site "?"]
[Date "2026.04.12"]
[Round "3.27"]
[White "Slivka, Martin"]
[Black "Habara, Viliam"]
[Result "1-0"]
[BlackElo "1564"]
[WhiteElo "1657"]
[LiveChessVersion "1.4.8"]

1. d4 {[%clk 1:30:57]} Nf6 {[%clk 1:30:51]} 2. c4 {[%clk 1:31:21]} e6
{[%clk 1:30:50]} 3. Nc3 {[%clk 1:31:12]} d5 {[%clk 1:31:15]} 4. Bg5
{[%clk 1:31:10]} Nbd7 {[%clk 1:31:01]} 5. cxd5 {[%clk 1:29:51]} h6
{[%clk 1:29:58]} 6. dxe6 {[%clk 1:15:02]} hxg5 {[%clk 1:29:12]} 7. exd7+
{[%clk 1:15:21]} Bxd7 {[%clk 1:29:13]} 8. e3 {[%clk 1:15:14]} Bb4
{[%clk 1:29:35]} 9. Qb3 {[%clk 1:11:05]} Qe7 {[%clk 1:28:24]} 10. Nf3
{[%clk 1:07:38]} Be6 {[%clk 1:26:07]} 11. Bc4 {[%clk 1:05:26]} Bxc4
{[%clk 1:25:22]} 12. Qxc4 {[%clk 1:05:49]} Ne4 {[%clk 1:23:11]} 13. Ne5
{[%clk 0:59:57]} Bxc3+ {[%clk 0:58:59]} 14. bxc3 {[%clk 1:00:13]} Nd6
{[%clk 0:57:28]} 15. Qa4+ {[%clk 0:51:04]} b5 {[%clk 0:54:10]} 16. Qa6
{[%clk 0:47:03]} Qd8 {[%clk 0:49:31]} 17. Qc6+ {[%clk 0:44:53]} Ke7
{[%clk 0:49:33]} 18. Qd5 {[%clk 0:35:38]} Qe8 {[%clk 0:47:49]} 19. Qc6
{[%clk 0:25:28]} Qxc6 {[%clk 0:46:48]} 20. Nxc6+ {[%clk 0:25:54]} Ke6
{[%clk 0:46:48]} 21. Ke2 {[%clk 0:11:28]} Nc4 {[%clk 0:46:49]} 22. Rab1
{[%clk 0:08:57]} a5 {[%clk 0:46:18]} 23. Rxb5 {[%clk 0:08:10]} Ra6
{[%clk 0:46:19]} 24. Rc5 {[%clk 0:05:08]} Kd6 {[%clk 0:46:05]} 25. Rxc4
{[%clk 0:05:15]} Rxc6 {[%clk 0:46:29]} 26. Rxc6+ {[%clk 0:05:33]} Kxc6
{[%clk 0:46:56]} 27. Kd3 {[%clk 0:05:54]} Rb8 {[%clk 0:47:07]} 28. Kc2
{[%clk 0:05:51]} Rh8 {[%clk 0:47:33]} 29. h3 {[%clk 0:06:15]} Rb8
{[%clk 0:47:51]} 30. Rb1 {[%clk 0:06:34]} Rxb1 {[%clk 0:48:10]} 31. Kxb1
{[%clk 0:07:03]} Kd5 {[%clk 0:48:35]} 32. Kc2 {[%clk 0:06:39]} Kc4
{[%clk 0:48:56]} 33. e4 {[%clk 0:05:53]} g6 {[%clk 0:48:34]} 34. e5
{[%clk 0:05:01]} c5 {[%clk 0:49:02]} 35. dxc5 {[%clk 0:04:52]} Kxc5
{[%clk 0:49:26]} 36. Kd3 {[%clk 0:02:34]} Kd5 {[%clk 0:49:46]} 37. a4
{[%clk 0:02:07]} Kxe5 {[%clk 0:49:53]} 38. Kc4 {[%clk 0:02:27]} Kd6
{[%clk 0:50:10]} 39. Kb5 {[%clk 0:02:38]} Kc7 {[%clk 0:50:31]} 40. Kc5
{[%clk 0:01:28]} f6 {[%clk 0:50:46]} 41. Kd5 {[%clk 0:01:09]} Kd7
{[%clk 0:51:11]} 42. c4 {[%clk 0:28:05]} Kc7 {[%clk 1:21:17]} 43. Kc5
{[%clk 0:27:51]} f5 {[%clk 1:21:34]} 44. g4 {[%clk 0:27:35]} f4 {[%clk 1:21:53]}
45. f3 {[%clk 0:27:59]} Kd7 {[%clk 1:22:09]} 46. Kb6 {[%clk 0:28:10]} Kc8
{[%clk 1:22:33]} 47. Kc6 {[%clk 0:28:08]} Kd8 {[%clk 1:22:27]} 48. Kb7
{[%clk 0:28:25]} Kd7 {[%clk 1:22:56]} 49. c5 {[%clk 0:28:48]} Kd8
{[%clk 1:23:23]} 50. c6 {[%clk 0:29:11]} Ke8 {[%clk 1:23:49]} 51. c7
{[%clk 0:29:37]} Ke7 {[%clk 1:23:19]} 1-0